| 000 | 00785cab a2200253 4500 | ||
|---|---|---|---|
| 001 | ABS51335 | ||
| 008 | 090401t1994 xxu||||| |||| 00| 0 eng d | ||
| 035 | _a(Sirsi) u22406 | ||
| 041 | _aeng | ||
| 245 | _aProperty set for upturn | ||
| 260 | _c1994 | ||
| 350 | _a0 | ||
| 490 |
_aBuilding Economist _vSeptember 1994, 8-9(2) |
||
| 520 | _aThe latest quarterly forecast from Barclays Bank predicts that construction output growth will increase by 2% in 1994 and 3% in 1995 whilst higher costs and low tender prices will affect profit margins. | ||
| 650 | _aCONSTRUCTION MARKET | ||
| 650 | _aFORECASTS | ||
| 650 | _aGROWTH | ||
| 650 | _aOUTPUT | ||
| 650 | _aPROFIT MARGINS | ||
| 650 | _aTENDER PRICES | ||
| 690 | _aBUILT ENVIRONMENT | ||
| 942 | _n0 | ||
| 948 | _c04/03/1997 | ||
| 999 |
_c15009 _d15009 |
||